Statistiques concernant Modes de jeux de Call of Duty

Cliquez ici pour prendre le quiz!

Statistiques générales

  • Ce quiz a été pris 286 fois
  • Le résultat moyen est 7 sur 18

Statistiques - réponses

HintRéponse% Correct
Deux équipes s'affrontent et marquent des points à chaque élimination, la première à atteindre la limite l'emporteMatch à mort par équipe
94%
Mode de jeu qui se rapproche de Counter StrikeRecherche et destruction
77%
Plusieurs points sont disponibles sur la carte et vous devez faire en sorte d'en capturer un maximum pour vousDomination
76%
Chacun pour soiMêlée générale
74%
Tuez des joueurs avec votre arme pour passer à l'arme suivanteJeu d'armes
69%
Une zone à capturer apparaît sur la carte, vous devez en garder le contrôle un maximum de tempsPoint stratégique
63%
Vous récupérez des plaques sur vos adversaire, le but est d'en avoir plus que l'ennemiÉlimination confirmée
58%
Une balle dans le chargeur, un couteau, 3 vies et des morts instantanéesUne balle chargée
42%
L'objectif est de prendre celui de l'adversaire et de le ramener à la base pour marquer des pointsCapture du drapeau
39%
Les équipes défendent et attaquent deux sites à tour de rôleDémolition
36%
Deux équipes de 32 joueurs s'affrontent sur un champ de bataille où le but est de capturer des objectifsGuerre terrestre
29%
Deux équipes alternent entre être les accessoires ou les chasseurs à chaque tourCaméléon
27%
Capturer et défendre une zoneQuartier général
19%
Chaque équipe possède 30 vies et doit attaquer et défendre deux objectifsControle
18%
Chaque équipe doit ramener un drone sphérique dans la zone adverse qui rappelle un panierLiaison
8%
Les armes changent toutes les 45 secondes. Tuez pour marquer des pointsTireur d'élite
7%
L'équipe attaquante doit escorter un robot sous le feu de l'ennemiDernier Rempart
6%
Deux équipes essaient d’amener un “sac d’argent” sur un site d’extraction où un hélicoptère arrivera pour l’emmener loin de la mapHeist
1%

Distribution des résultats

Percentile par nombre de réponses

% des personnes avec chaque résultat

Votre développement - résultats

Vous n’avez pas pris ce quiz